Foundations of nursing practice : fundamentals of holistic care (Record no. 215926)
[ view plain ]
| 000 -LEADER | |
|---|---|
| fixed length control field | 00313nam a2200097Ia 4500 |
| 082 ## - DEWEY DECIMAL CLASSIFICATION NUMBER | |
| Classification number | 610.73|BROO |
| 008 - FIXED-LENGTH DATA ELEMENTS--GENERAL INFORMATION | |
| fixed length control field | 210817s9999 xx 000 0 und d |
| 100 ## - MAIN ENTRY--PERSONAL NAME | |
| Personal name | Brooker, Christine Edinburgh, 2009 African ed. |
| 9 (RLIN) | 67122 |
| 245 #0 - TITLE STATEMENT | |
| Title | Foundations of nursing practice : fundamentals of holistic care |
| 942 ## - ADDED ENTRY ELEMENTS | |
| item type | Books |
| Withdrawn status | Lost status | Damaged status | Not for loan | Home library | Current library | Date acquired | Cost, normal purchase price | Total Checkouts | Barcode | Date last seen | Price effective from | item type |
|---|---|---|---|---|---|---|---|---|---|---|---|---|
| Emthonjeni PL (MMID-PLEMA-EMTH) | Emthonjeni PL (MMID-PLEMA-EMTH) | 18.08.2021 | 800.00 | 33228019923471 | 18.08.2021 | 18.08.2021 | Books |